Biblioteca

The awakening of zen (Registro nro. 46443)

Detalles MARC
000 -LÍDER
Campo fijo de descripción fija 01088cam a2200313 i 4500
001 - NÚMERO DE CONTROL
Campo de control 20090
003 - IDENTIFICADOR DEL NÚMERO DE CONTROL
Campo de control CO-MdFUSB
005 - FECHA Y HORA DE LA ULTIMA TRANSACCIÓN
control field 20180622170551.0
008 - ELEMENTOS DE LONGITUD FIJA -- INFORMACIÓN GENERAL
Campo fijo de descripción fija -- Información general 161011t19802000xxu||||| |||| 00| 0 eng d
020 ## - NÚMERO INTERNACIONAL NORMALIZADO PARA LIBROS
Número Internacional Normalizado del libro 1-57062-590-5
040 ## - FUENTE DE CATALOGACIÓN
Agencia de catalogación original CO-MdFUSB
Idioma de catalogación Español
Agencia que realiza la transcripción CO-MdFUSB
Agencia que realiza la modificación CO-MdFUSB
Convenciones de la descripción rda
041 ## - CÓDIGO DE IDIOMA
Código de idioma para texto/pista de sonido o título separado eng
082 ## - NÚMERO DE CLASIFICACIÓN DECIMAL DEWEY
Número de la edición del Dewey 24
Número de clasificación G 294.3927
Clave de autor-Numero de item S9681a
100 1# - ASIENTO PRINCIPAL--NOMBRE PERSONAL
Nombre personal Suzuki, Daisetz Teitaro
Término relacionador autor
245 04 - TÍTULO
Título del Material The awakening of zen
Mención de responsabilidad, etc. / Daisetz Teitaro Suzuki ;
Parte restante del título - Subtitulo autor
264 #1 - PRODUCCIÓN, PUBLICACIÓN, DISTRIBUCIÓN, MANUFACTURA, Y COPYRIGHT
Lugar de producción, publicación, distribución, manufactura Boston, Massachusetts :
Nombre del productor, publicador, distribuidor Shambhala,
Fecha de producción, publicación, distribución, manufactura, o copyright ℗2000
264 #4 - PRODUCCIÓN, PUBLICACIÓN, DISTRIBUCIÓN, MANUFACTURA, Y COPYRIGHT
Fecha de producción, publicación, distribución, manufactura, o copyright ©1980
300 ## - DESCRIPCIÓN FÍSICA
Extensión xv, 119 páginas
Dimensiones 23 cm.
336 ## - TIPO DE CONTENIDO
Fuente rdacontent
Término de tipo de contenido
Código de tipo de contenido
337 ## - TIPO DE MEDIO
Fuente rdamedia
Nombre del tipo de medio
Código del tipo de medio
338 ## - TIPO DE SOPORTE
Fuente rdacarrier
Nombre del tipo de soporte
Código Tipo de soporte
504 ## - NOTA DE BIBLIOGRAFÍA, ETC.
Nota de bibliografía, etc Incluye índice (páginas. 115-119)
505 00 - NOTA DE CONTENIDO
Nota de contenido con formato preestablecido El desarrollo y el fundador del budismo zen - El espíritu del zen - Aspectos de la cultura y el arte japonés - Simbolismo budista - Explicar zen - El ideal espiritual supremo
540 ## - NOTA DE CONDICIONES DE USO Y REPRODUCCION
Términos que regulan el uso y reproducción Rústico
653 ## - TÉRMINO DE INDIZACIÓN - NO CONTROLADO
Término no controlado Otras religiones – Budismo
720 ## - ASIENTO SECUNDARIO - NOMBRE NO CONTROLADO
Nombre editado por Christmas Humphreys
942 ## - TIPO DE MATERIAL (KOHA)
Tipo de Item KOHA Libros General
Existencias
Estado de Material Estado de Perdido Forma de Clasificación Estado de Dañado No para Préstamo Colección Tomo Biblioteca de Origen Biblioteca Permanente Fecha de Adquisición Total de Préstamos Signatura Topográfica Código de Barras Última vez visto Ejemplar/Existencia Fecha de Remplazo Tipo de Material
    Dewey Decimal Classification     Colección General   Biblioteca FUSBC Biblioteca FUSBC 12/06/2015   G 294.3927 S9681a 20815 12/12/2019 Ej. 1 26/01/2016 Libros General

Biblioteca FUSBC | Teléfono: (57+4) 349 88 10 Ext. 141| WhatsApp (+57) 3005338115 
E-mail: biblioteca@unisbc.edu.co | Calle 76 87-14 Robledo Palenque, Medellín, Colombia

Con tecnología Koha